Derecho penal / (Record no. 24619)

MARC details
000 -LEADER
campo de control de longitud fija 00803nam a2200229 i 4500
001 - NÚMERO DE CONTROL
campo de control 24619
003 - IDENTIFICADOR DE NÚMERO DE CONTROL
campo de control ES-MaACL
005 - FECHA Y HORA DE LA ÚLTIMA TRANSACCIÓN
campo de control 20250809034604.0
007 - CAMPO FIJO DE DESCRIPCIÓN FÍSICA--INFORMACIÓN GENERAL
campo de control de longitud fija t|
008 - DATOS DE LONGITUD FIJA--INFORMACIÓN GENERAL
campo de control de longitud fija 021218s1949 sp ||||1| spa d
100 1# - ENTRADA PRINCIPAL--NOMBRE DE PERSONA
Nombre de persona Antón Oneca, José,
Fechas asociadas al nombre 1897-1981
9 (RLIN) 21950
245 10 - MENCIÓN DEL TÍTULO
Título Derecho penal /
Mención de responsabilidad, etc. José Antón Oneca, J. A. Rodríguez Muñoz.
260 ## - PUBLICACIÓN, DISTRIBUCIÓN, ETC.
Lugar de publicación, distribución, etc. Madrid :
Nombre del editor, distribuidor, etc. [s.n.,
Fecha de publicación, distribución, etc. 1949] (
Fabricante Gráfica Administrativa)
300 ## - DESCRIPCIÓN FÍSICA
Extensión 2 v. ;
Dimensiones 26 cm.
505 8# - NOTA DE CONTENIDO CON FORMATO
Nota de contenido con formato Contiene: V. II: con la colaboración de J. Taso Roldán y J. M. Rodríguez Devesa.
650 07 - PUNTO DE ACCESO ADICIONAL DE MATERIA--TÉRMINO DE MATERIA
Término de materia o nombre geográfico como elemento de entrada Derecho penal
Fuente del encabezamiento o término embne
9 (RLIN) 11749
700 1# - ENTRADA AGREGADA--NOMBRE PERSONAL
Nombre de persona Rodríguez Muñoz, J. A.
9 (RLIN) 98693
700 1# - ENTRADA AGREGADA--NOMBRE PERSONAL
Nombre de persona Taso Roldán, J.
9 (RLIN) 109363
700 1# - ENTRADA AGREGADA--NOMBRE PERSONAL
Nombre de persona Rodríguez Devesa, José María.
9 (RLIN) 98493
852 ## - LOCALIZACIÓN
Ubicación ES-MaACL
Número de control de estantería F-8479-80
Sublocalización o colección R.29315
Holdings
Estatus retirado Estado de pérdida Estado de daño No para préstamo Biblioteca de origen Biblioteca actual Ubicación en estantería Fecha de adquisición Fuente de adquisición Total de préstamos Signatura topográfica completa Código de barras Visto por última vez Precio de reemplazo Tipo de ítem Koha
        Biblioteca del Ateneo de Madrid Biblioteca del Ateneo de Madrid Sala Pecera Planta 2 17/01/2008     F-8479-80 1025382 23/02/2023 23/02/2023 Libro impreso